Los salmos del rey David
Wedi'i Gadw mewn:
| Prif Awdur: | |
|---|---|
| Fformat: | Llyfr |
| Iaith: | Sbaeneg |
| Cyhoeddwyd: |
Buenos Aires
Pleamar
1944
|
| Pynciau: | |
| Tagiau: |
Ychwanegu Tag
Dim Tagiau, Byddwch y cyntaf i dagio'r cofnod hwn!
|
MARC
| LEADER | 00000cam a2200000 a 4500 | ||
|---|---|---|---|
| 001 | UCF3868 | ||
| 003 | CL-VaPUC | ||
| 008 | 121108e19440000AG |||||||||||||||||spa|d | ||
| 082 | 0 | 4 | |a 223.2 |b GON |2 21 |
| 100 | 0 | |a González Carvajal, Tomás José |e author |9 565551 | |
| 245 | 1 | 4 | |a Los salmos del rey David |
| 300 | |a 359 p | ||
| 942 | |c BK | ||
| 945 | |d 20121108 00:00:00 |a dcastane | ||
| 260 | |a Buenos Aires |b Pleamar |c 1944 | ||
| 650 | 0 | |a Salmos |9 319607 | |
| 583 | |a last modification |c 20121108 11:12:00 |k Rodrigo Vera | ||
| 999 | |c 349944 |d 349942 | ||
| 952 | |0 0 |1 0 |4 0 |6 223_200000000000000_GON_1944 |7 0 |8 A |9 452838 |a BIBART |b BIBART |d 2019-11-22 |i 4885775 |o 223.2 GON 1944 |p 4885775 |r 2025-03-13 |w 2019-11-22 |y BK |k ART | ||